Zombieland Cast - Statistics

General Stats
  • This quiz has been taken 41 times
  • The average score is 5 of 6
Answer Stats
Character Actor % Correct
Wichita Emma Stone
95%
Himself Bill Murray
92%
Tallahassee Woody Harrelson
92%
Columbus Jesse Eisenberg
86%
406 Amber Heard
59%
Little Rock Abigail Breslin
46%
No matching quizzes found
Score Distribution
Percent of People with Each Score
Percentile by Number Answered
Your Score History
You have not taken this quiz